000
002650000a22000970004500
100
1
_a
Bonilla A., Plutarco
245
1
0
_a
La interpretación parabólica del milagro
300
_a
Vol. 9, Núm 15 (2001), Páginas 73-99
773
0
_t
Textos para la acción
942
_c
ANA
999
_c
53141
_d
53141